Plnenie cieľa stratégie európa 2020 v oblasti predčasne ukončeného vzdelávania a odbornej prípravy v EÚ

Poukázanie na mieru splnenia jedného z čiastkových cieľov stratégie Európa 2020 členskými krajinami v roku 2020. Porovnanie rozdielov medzi pohlaviami v danej oblasti a zhodnotenie reálneho uplatnenia mladých ľudí vo veku 18-24 rokov, ktorí predčasne ukončili vzdelávanie a odbornú prípravu na trhu p...

ver descrição completa

Na minha lista:
Detalhes bibliográficos
Autor principal: Duľová Spišáková, Emília, 1983-
Formato: Capítulo de Livro
Idioma:eslovaco
Assuntos:
Tags: Adicionar Tag
Sem tags, seja o primeiro a adicionar uma tag!

MARC

LEADER 00000naa$a2200000$$$4500
001 0292771
005 20250122094416.7
041 0 |a slo 
044 |a SK 
245 1 0 |a Plnenie cieľa stratégie európa 2020 v oblasti predčasne ukončeného vzdelávania a odbornej prípravy v EÚ  |c Emília Duľová Spišáková 
520 |a Poukázanie na mieru splnenia jedného z čiastkových cieľov stratégie Európa 2020 členskými krajinami v roku 2020. Porovnanie rozdielov medzi pohlaviami v danej oblasti a zhodnotenie reálneho uplatnenia mladých ľudí vo veku 18-24 rokov, ktorí predčasne ukončili vzdelávanie a odbornú prípravu na trhu práce s rozdelením na zamestnaných a nezamestnaných (ktorí si buď aktívne hľadajú prácu, alebo prácu vôbec nehľadajú). Kladie sa pozornosť aj na nový cieľ v sledovanej oblasti, stanovený Radou Európskej únie do roku 2030. 
610 2 0 |a ciele riadenia 
610 2 0 |a vzdelávanie 
610 2 0 |a vzdelanosť 
610 2 0 |a vzdelanie odborné 
610 2 0 |a príprava odborná 
610 2 0 |a Európa 
610 2 0 |a Európska únia 
610 2 0 |a agenda spisová 
100 1 |a Duľová Spišáková, Emília, 1983-